[Event "Hyeres"]
[Site "Hyeres"]
[Date "2005.04.22"]
[Round "7"]
[White "Riviere, Cedric"]
[Black "Paule, Marc"]
[Result "0-1"]
[WhiteElo "1900"]
[BlackElo "2004"]
[PlyCount "44"]
[EventDate "2005.??.??"]
[EventCountry "FRA"]

1. e4 c5 2. Nf3 a6 3. d4 cxd4 4. Nxd4 Nf6 5. Nc3 e5 6. Nb3 Bb4 7. Bd2 O-O 8. f3
d6 9. g4 Nxg4 10. Ne2 Ne3 11. Qc1 Qh4+ 12. Ng3 Nxf1 13. Kxf1 Bh3+ 14. Kf2 Bxd2
15. Qxd2 Nc6 16. Rag1 f5 17. Ke2 fxe4 18. Nxe4 Rxf3 19. Qd5+ Rf7 20. Kd1 Nb4
21. Qc4 Nxa2 22. Rg3 d5 0-1

[Event "FRA T.IV"]
[Site "Toulouse"]
[Date "2005.02.06"]
[Round "?"]
[White "Artis, Francois"]
[Black "Evrard, Emmanuel"]
[Result "1-0"]
[WhiteElo "1700"]
[BlackElo "1670"]
[PlyCount "55"]
[EventDate "2005.??.??"]
[EventType "team-match"]
[EventCountry "FRA"]

1. e4 e5 2. Nc3 Nf6 3. f4 Bb4 4. fxe5 Bxc3 5. exf6 Bxf6 6. Nf3 d6 7. d4 O-O 8.
Bd3 Nc6 9. c3 Bg4 10. Be3 a6 11. O-O Re8 12. Qd2 Bd7 13. Rae1 b5 14. h3 Rb8 15.
Qf2 Rf8 16. Qg3 Kh8 17. h4 Qe7 18. Re2 h6 19. Bf4 Rg8 20. e5 dxe5 21. dxe5 Nxe5
22. Nxe5 Qc5+ 23. Kh1 Bxe5 24. Bxe5 Qd5 25. Bc2 Qxa2 26. Qd3 f5 27. Qxd7 Qc4
28. Qxf5 1-0

[Event "FRA T.IV"]
[Site "Toulouse"]
[Date "2005.03.15"]
[Round "?"]
[White "Aspinall, John"]
[Black "Pfeifer, Andreas"]
[Result "0-1"]
[WhiteElo "1860"]
[BlackElo "2128"]
[PlyCount "69"]
[EventDate "2005.??.??"]
[EventType "team-match"]
[EventCountry "FRA"]

1. d3 e5 2. e4 Nf6 3. Nf3 Nc6 4. c3 d5 5. Nbd2 Be7 6. Be2 O-O 7. O-O h6 8. b4
a6 9. Qc2 Be6 10. a3 Nd7 11. Bb2 f5 12. exd5 Bxd5 13. c4 Be6 14. b5 axb5 15.
cxb5 Na7 16. Nxe5 Nxb5 17. Ng6 Re8 18. Bh5 Bd6 19. Nf3 Nf6 20. Bxf6 Qxf6 21. a4
Bf7 22. Ngh4 Bxh5 23. Qc4+ Bf7 24. Qxb5 Be6 25. g3 c6 26. Qb1 Bd5 27. Qd1 g5
28. Ng2 f4 29. Rb1 Re7 30. Nd2 Qd4 31. Nc4 fxg3 32. Nxd6 gxh2+ 33. Kxh2 Qe5+
34. Kg1 Qxd6 35. Ne3 0-1

[Event "FRA T.IV"]
[Site "Toulouse"]
[Date "2005.04.05"]
[Round "?"]
[White "Avdagic, Hilmija"]
[Black "Berthelot, Nathan"]
[Result "0-1"]
[WhiteElo "1699"]
[BlackElo "1660"]
[PlyCount "106"]
[EventDate "2005.??.??"]
[EventType "team-match"]
[EventCountry "FRA"]

1. d4 Nf6 2. c4 g6 3. Nc3 Bg7 4. e4 d6 5. Bd3 O-O 6. Nge2 Nbd7 7. Bc2 c5 8. d5
Ne5 9. b3 a6 10. O-O Rb8 11. a4 Ne8 12. Rb1 Nc7 13. f4 Ng4 14. h3 Nf6 15. Bd3
Bd7 16. Ng3 b5 17. axb5 axb5 18. Be3 bxc4 19. bxc4 Rxb1 20. Qxb1 Qc8 21. Kh2
Ng4+ 22. hxg4 Bxc3 23. f5 Kg7 24. Qc1 Be5 25. Bh6+ Kg8 26. Bxf8 Qxf8 27. Rf3
Qg7 28. Kh1 Bb2 29. Qd2 Bc3 30. Qg5 Bf6 31. Qf4 Be5 32. Qc1 Bb2 33. f6 Bxf6 34.
g5 Bd4 35. Ne2 Be5 36. Kg1 Na6 37. Qa3 Nb4 38. Qa8+ Qf8 39. Qxf8+ Kxf8 40. Bb1
Bg4 41. Rf2 f6 42. gxf6 exf6 43. Kf1 Ke7 44. Nf4 Bd4 45. Rd2 Be3 46. Nxg6+ hxg6
47. Rb2 Bd4 48. Rb3 g5 49. Ra3 Bd1 50. Ra7+ Kd8 51. Ke1 Bb3 52. e5 Bxe5 53. Bf5
Bxc4 0-1

[Event "FRA T.IV"]
[Site "Toulouse"]
[Date "2005.02.06"]
[Round "?"]
[White "Bedel, Jean"]
[Black "Thamier, Stephan"]
[Result "0-1"]
[WhiteElo "1499"]
[BlackElo "1890"]
[PlyCount "76"]
[EventDate "2005.??.??"]
[EventType "team-match"]
[EventCountry "FRA"]

1. d4 d5 2. c4 dxc4 3. Nf3 Bf5 4. e3 Bxb1 5. Rxb1 Qd5 6. Qa4+ b5 7. Qc2 e6 8.
b3 Bb4+ 9. Bd2 Bxd2+ 10. Nxd2 Nf6 11. Be2 c6 12. Bf3 Qd6 13. bxc4 bxc4 14. Nxc4
Qc7 15. O-O O-O 16. Ne5 Nd5 17. Rb5 cxb5 18. Qxc7 Nxc7 19. Bxa8 Nxa8 20. Rb1
Nc7 21. g3 f6 22. Nd3 Nd7 23. a4 Rb8 24. axb5 Nxb5 25. Kf1 Kf7 26. Ke1 Ke7 27.
Kd2 a5 28. Ra1 Nd6 29. f3 Rb7 30. Kc2 Ra7 31. Kb3 Rb7+ 32. Kc2 Ra7 33. Kb3 Nf5
34. Re1 a4+ 35. Ka3 Nb6 36. Nb4 Rc7 37. Re2 Rc3+ 38. Ka2 Nxe3 0-1

[Event "FRA T.IV"]
[Site "Toulouse"]
[Date "2005.04.03"]
[Round "?"]
[White "Bedos, Michel"]
[Black "Surre, Frederic"]
[Result "1-0"]
[WhiteElo "2280"]
[BlackElo "1890"]
[PlyCount "101"]
[EventDate "2005.??.??"]
[EventType "team-match"]
[EventCountry "FRA"]

1. c4 Nf6 2. Nc3 g6 3. g3 Bg7 4. Bg2 O-O 5. e4 d6 6. Nge2 Nc6 7. O-O e5 8. h3
a6 9. f4 Rb8 10. d3 b5 11. f5 Nd4 12. g4 Nd7 13. cxb5 axb5 14. Nxd4 exd4 15.
Nd5 c6 16. Nb4 Ne5 17. Bf4 Bb7 18. g5 c5 19. f6 cxb4 20. fxg7 Kxg7 21. Qd2 f6
22. gxf6+ Rxf6 23. Bg5 Rxf1+ 24. Rxf1 Qd7 25. Qxb4 Rf8 26. Rxf8 Kxf8 27. Qxd4
Ke8 28. Bd2 Bc6 29. Bb4 Nf7 30. a3 Qe7 31. Qb6 Qb7 32. Qe3 Qe7 33. d4 Qg5 34.
Kf2 Qf6+ 35. Kg1 Qg5 36. Qxg5 Nxg5 37. d5 Bd7 38. h4 Nf7 39. Bf1 Ke7 40. Bc3 g5
41. hxg5 Nxg5 42. Bg2 Nh3+ 43. Kh2 Nf4 44. Bf3 Nd3 45. Kg3 Nc5 46. Kf4 Kf7 47.
Bh5+ Ke7 48. Be2 Nb7 49. Bb4 Kf6 50. Bh5 h6 51. Bc3+ 1-0

[Event "FRA T.IV"]
[Site "Toulouse"]
[Date "2005.03.13"]
[Round "?"]
[White "Besset, Thierry"]
[Black "Curato, Rene"]
[Result "1-0"]
[WhiteElo "1740"]
[BlackElo "1630"]
[PlyCount "131"]
[EventDate "2005.??.??"]
[EventType "team-match"]
[EventCountry "FRA"]

1. d4 e6 2. e4 d5 3. Nd2 Nf6 4. e5 Nfd7 5. Bd3 c5 6. c3 Nc6 7. Ndf3 cxd4 8.
cxd4 Bb4+ 9. Bd2 Qb6 10. Ne2 Bxd2+ 11. Qxd2 Qb4 12. O-O Qxd2 13. Nxd2 Nb4 14.
Bb1 O-O 15. a3 Nc6 16. f4 f5 17. Bd3 Nb6 18. Rac1 Bd7 19. Nb3 Nd8 20. Nc5 Bc6
21. Rc2 Na4 22. b3 Nxc5 23. dxc5 a6 24. Nd4 Rc8 25. Rfc1 Bd7 26. a4 Nc6 27.
Nxc6 Bxc6 28. a5 Rc7 29. b4 Rfc8 30. Kf2 g6 31. g3 Kg7 32. Ke3 Kh6 33. Be2 Rd8
34. Kd4 Kg7 35. h3 Rf8 36. Rb2 Bb5 37. Bxb5 axb5 38. Rbc2 Rfc8 39. c6 bxc6 40.
a6 Kf7 41. a7 Rxa7 42. Rxc6 Rca8 43. Rc7+ Ke8 44. g4 Kd8 45. Rxa7 Rxa7 46. gxf5
gxf5 47. Rc6 Ra3 48. Rxe6 Rxh3 49. Rd6+ Ke7 50. Rxd5 h5 51. Rxb5 h4 52. Rb7+
Ke6 53. Rh7 Rh1 54. Rh6+ Ke7 55. Kd5 h3 56. Rh7+ Kf8 57. Ke6 Rb1 58. Rxh3 Rxb4
59. Kxf5 Rb7 60. Rh6 Kg7 61. Rg6+ Kh7 62. Kf6 Rb6+ 63. e6 Rb7 64. Rg1 Rb8 65.
e7 Rf8+ 66. exf8=N+ 1-0

[Event "FRA T.IV"]
[Site "Toulouse"]
[Date "2005.04.03"]
[Round "?"]
[White "Bottu, Eric"]
[Black "Van Hall, Pieter"]
[Result "0-1"]
[WhiteElo "1970"]
[BlackElo "1890"]
[PlyCount "78"]
[EventDate "2005.??.??"]
[EventType "team-match"]
[EventCountry "FRA"]

1. e4 c5 2. Nf3 Nc6 3. d4 cxd4 4. Nxd4 Nf6 5. Nc3 e5 6. Nb3 Bb4 7. Bd3 d5 8.
exd5 Nxd5 9. Bd2 O-O 10. Ne2 Bxd2+ 11. Nxd2 Ndb4 12. Be4 f5 13. Bxc6 Nxc6 14.
O-O Be6 15. Qe1 Nb4 16. Qd1 Qc7 17. Nc3 Rad8 18. a3 Nd5 19. Ne2 Nb6 20. Qc1 Rc8
21. c3 Rfd8 22. Nf3 Bc4 23. Re1 Bxe2 24. Rxe2 e4 25. Nh4 Qc4 26. Qc2 g6 27. Rd1
Rd3 28. Red2 Rcd8 29. g3 Rxd2 30. Rxd2 Rxd2 31. Qxd2 Qd3 32. Qg5 Qd1+ 33. Kg2
Qd5 34. Qe3 Nc4 35. Qd4 Qxd4 36. cxd4 Kf7 37. Kf1 Ke6 38. b3 Nxa3 39. Ke2 Kd5
0-1

[Event "FRA T.IV"]
[Site "Toulouse"]
[Date "2005.03.13"]
[Round "?"]
[White "Bougoin, Blaise"]
[Black "Varmot, Jean Jacques"]
[Result "0-1"]
[WhiteElo "1550"]
[BlackElo "1850"]
[PlyCount "36"]
[EventDate "2005.??.??"]
[EventType "team-match"]
[EventCountry "FRA"]

1. e4 Nf6 2. e5 Nd5 3. c4 Nb6 4. b3 d6 5. Bb2 Nc6 6. d4 dxe5 7. d5 Nd4 8. Bxd4
exd4 9. Qxd4 e6 10. Qe4 Qf6 11. Nf3 Bb4+ 12. Kd1 Qxa1 13. dxe6 Bxe6 14. Bd3
O-O-O 15. Rg1 Qxb1+ 16. Ke2 Qb2+ 17. Bc2 Rhe8 18. Rd1 Qxc2+ 0-1

[Event "FRA T.IV"]
[Site "Toulouse"]
[Date "2005.04.03"]
[Round "?"]
[White "Bricard, Herve"]
[Black "Tugaye, Francis"]
[Result "0-1"]
[WhiteElo "2129"]
[BlackElo "2110"]
[PlyCount "148"]
[EventDate "2005.??.??"]
[EventType "team-match"]
[EventCountry "FRA"]

1. e4 c5 2. Nc3 Nc6 3. g3 g6 4. Bg2 Bg7 5. d3 d6 6. Be3 Rb8 7. Qd2 b5 8. Nge2
Nd4 9. O-O e6 10. Rab1 a5 11. Nf4 Ne7 12. Nd1 b4 13. Rc1 Ba6 14. c3 Ndc6 15.
Re1 Ne5 16. c4 O-O 17. h3 N5c6 18. Ne2 e5 19. g4 Nd4 20. Nxd4 cxd4 21. Bh6 Nc6
22. Rf1 Qe7 23. Bg5 f6 24. Bh4 Rf7 25. b3 Qf8 26. Rc2 Nd8 27. Bg3 Ne6 28. Nb2
Bh6 29. Qe2 Bc8 30. h4 Bf4 31. Bf3 g5 32. h5 h6 33. Ra1 Rfb7 34. Qd1 Bd7 35.
Qf1 Nc5 36. Bd1 a4 37. bxa4 Bxa4 38. Re2 Bd7 39. Bxf4 gxf4 40. f3 Ra7 41. Bb3
Qc8 42. Rb1 Kh7 43. Rg2 Ra3 44. Qd1 Qa6 45. Qc2 Qa5 46. Kh1 Ra8 47. Qd1 Rxa2
48. Bxa2 Qxa2 49. Qc1 Qa3 50. Qc2 Qc3 51. Rc1 Ra3 52. Qd1 Qb3 53. Qxb3 Nxb3 54.
Rb1 Nc5 55. Rd2 Ba4 56. Kg1 Bb3 57. Nd1 Bxd1 58. Rbxd1 Kg7 59. Kf1 Kf7 60. Ke2
Ke7 61. Rb1 b3 62. Rdb2 Kd7 63. Kd2 Kc7 64. Rg1 Kb6 65. Rgb1 Ka5 66. Rc1 Na4
67. Rbb1 b2 68. Rxb2 Nxb2 69. g5 fxg5 70. c5 Rxd3+ 71. Ke2 Re3+ 72. Kd2 dxc5
73. Rxc5+ Kb4 74. Rc6 Nc4+ 0-1

[Event "FRA T.IV"]
[Site "Toulouse"]
[Date "2005.04.04"]
[Round "?"]
[White "Brochet, Thierry"]
[Black "Le Ligeour, Yann"]
[Result "1/2-1/2"]
[WhiteElo "1620"]
[BlackElo "1610"]
[PlyCount "81"]
[EventDate "2005.??.??"]
[EventType "team-match"]
[EventCountry "FRA"]

1. e4 c5 2. Nf3 d6 3. d4 cxd4 4. Nxd4 Nf6 5. Nc3 a6 6. Be2 g6 7. Be3 Bg7 8. Qd2
b5 9. a3 Bb7 10. f3 Nbd7 11. Bh6 O-O 12. Bxg7 Kxg7 13. h4 h5 14. g4 Rh8 15.
gxh5 Nxh5 16. Rg1 e6 17. Qg5 Qxg5 18. hxg5 Nf4 19. O-O-O d5 20. exd5 Bxd5 21.
Nxd5 Nxd5 22. Bd3 Ne5 23. Be4 Rad8 24. Ne2 Ne3 25. Rxd8 Rxd8 26. Nc3 N5c4 27.
Nd1 Nxd1 28. Rxd1 Rxd1+ 29. Kxd1 Nxb2+ 30. Kd2 Nc4+ 31. Kc3 Nxa3 32. Kb4 Nc4
33. Bd3 Ne5 34. Be2 f6 35. f4 Nc4 36. Kc5 e5 37. fxe5 Nxe5 38. gxf6+ Kxf6 39.
Kb6 Nc4+ 40. Kxa6 Nd6 41. Bxb5 1/2-1/2

[Event "FRA T.IV"]
[Site "Toulouse"]
[Date "2005.02.06"]
[Round "?"]
[White "Bruzzone, Georges"]
[Black "Huchet, Francois"]
[Result "1/2-1/2"]
[WhiteElo "2020"]
[BlackElo "2080"]
[PlyCount "51"]
[EventDate "2005.??.??"]
[EventType "team-match"]
[EventCountry "FRA"]

1. e4 c5 2. Nf3 e6 3. d4 cxd4 4. Nxd4 Nc6 5. Nb5 d6 6. c4 a6 7. N5c3 Nf6 8. Be2
Be7 9. O-O O-O 10. Na3 b6 11. Be3 Rb8 12. Rc1 Bb7 13. f3 Ne5 14. Qe1 Nfd7 15.
Qf2 f5 16. exf5 Rxf5 17. Qe1 Nc5 18. Qd2 Qc7 19. Nc2 Re8 20. Nd4 Rf6 21. f4 Rg6
22. g3 Nc6 23. Bh5 Nxd4 24. Bxd4 Qc6 25. Bf3 Qc8 26. Bh5 1/2-1/2

[Event "FRA T.IV"]
[Site "Toulouse"]
[Date "2005.03.15"]
[Round "?"]
[White "Calatrava, Julien"]
[Black "Lavolle, Olivier"]
[Result "1-0"]
[WhiteElo "1740"]
[BlackElo "1810"]
[PlyCount "71"]
[EventDate "2005.??.??"]
[EventType "team-match"]
[EventCountry "FRA"]

1. e4 c5 2. Nf3 Nc6 3. d4 cxd4 4. Nxd4 Nf6 5. Nc3 e5 6. Nxc6 bxc6 7. Bc4 Bb4 8.
O-O Bxc3 9. bxc3 O-O 10. Bg5 d5 11. Bb3 Be6 12. Qe2 h6 13. Bh4 a5 14. a4 Bg4
15. f3 Be6 16. Kh1 g5 17. Bg3 dxe4 18. Bxe6 fxe6 19. Bxe5 Qd5 20. f4 gxf4 21.
Bxf4 Qh5 22. Qxh5 Nxh5 23. Bxh6 Rf5 24. g4 Rxf1+ 25. Rxf1 Ng7 26. Rf6 Rf8 27.
Rxf8+ Kxf8 28. Bxg7+ Kxg7 29. Kg2 Kf6 30. h4 Ke5 31. Kf2 Kf4 32. h5 Kg5 33. Ke3
Kf6 34. Kxe4 e5 35. h6 Kg6 36. g5 1-0

[Event "FRA T.IV"]
[Site "Toulouse"]
[Date "2005.03.15"]
[Round "?"]
[White "Canivet, Christophe"]
[Black "Marty, Damien"]
[Result "0-1"]
[WhiteElo "1954"]
[BlackElo "1980"]
[PlyCount "102"]
[EventDate "2005.??.??"]
[EventType "team-match"]
[EventCountry "FRA"]

1. e4 e5 2. Nc3 Nf6 3. f4 Bb4 4. fxe5 Bxc3 5. exf6 Bxf6 6. Nf3 O-O 7. Bc4 Re8
8. d3 d5 9. Bb3 dxe4 10. dxe4 Rxe4+ 11. Kf2 Qe7 12. Re1 Rxe1 13. Qxe1 Qxe1+ 14.
Kxe1 Be6 15. Bxe6 fxe6 16. c3 Nc6 17. Be3 Rd8 18. Rd1 Rxd1+ 19. Kxd1 Kf7 20.
Ke2 h6 21. Kd3 Ne5+ 22. Nxe5+ Bxe5 23. h3 a6 24. Ke4 Kf6 25. g4 g5 26. Bc5 Bd6
27. Bd4+ e5 28. Be3 Ke6 29. a4 b6 30. b4 Bf8 31. Bf2 Kd6 32. c4 Ke6 33. Be1 Bd6
34. Bd2 Kd7 35. Kd5 c6+ 36. Ke4 Ke6 37. Bc3 Bc7 38. Be1 b5 39. axb5 cxb5 40. c5
Kd7 41. Kd5 e4 42. c6+ Ke7 43. Kxe4 Kd6 44. Bg3+ Kxc6 45. Bxc7 Kxc7 46. Kd5 Kb6
47. Kd4 a5 48. bxa5+ Kxa5 49. Ke5 b4 50. Kf5 b3 51. Kg6 b2 0-1

[Event "FRA T.IV"]
[Site "Toulouse"]
[Date "2005.04.04"]
[Round "?"]
[White "Carinola, Marco"]
[Black "Devecchi, Jorge"]
[Result "0-1"]
[WhiteElo "1600"]
[BlackElo "1740"]
[PlyCount "34"]
[EventDate "2005.??.??"]
[EventType "team-match"]
[EventCountry "FRA"]

1. d4 d5 2. Nf3 Bf5 3. Nc3 e6 4. Bg5 Nf6 5. h3 h6 6. Bf4 Bb4 7. a3 Bxc3+ 8.
bxc3 Nbd7 9. Nd2 c5 10. Nb3 c4 11. Nd2 Qa5 12. Nb1 Nb6 13. Bd6 Na4 14. Bb4 Qc7
15. e3 a5 16. Bc5 b6 17. g4 Be4 0-1

[Event "FRA T.IV"]
[Site "Toulouse"]
[Date "2005.04.04"]
[Round "?"]
[White "Casella, Laurent"]
[Black "De Jong, Arjen"]
[Result "1-0"]
[WhiteElo "2039"]
[BlackElo "1780"]
[PlyCount "49"]
[EventDate "2005.??.??"]
[EventType "team-match"]
[EventCountry "FRA"]

1. e4 d5 2. exd5 Qxd5 3. Nc3 Qa5 4. Bc4 e6 5. Nf3 Nf6 6. O-O Be7 7. Qe2 c6 8.
d4 O-O 9. Bd2 Qc7 10. Rfe1 Nbd7 11. Rad1 b5 12. Bxe6 Re8 13. Bxf7+ Kxf7 14.
Qe6+ Kf8 15. Ng5 Ne5 16. Rxe5 Bxe6 17. Nxe6+ Kg8 18. Nxc7 Ng4 19. Rxe7 Rxe7 20.
Nxa8 b4 21. Na4 Re2 22. f3 Nf2 23. Kf1 Re8 24. Kxf2 Rxa8 25. Bxb4 1-0

[Event "FRA T.IV"]
[Site "Toulouse"]
[Date "2005.02.06"]
[Round "?"]
[White "Catala, Laurent"]
[Black "Bonnavenc, Arnaud"]
[Result "1-0"]
[WhiteElo "1840"]
[BlackElo "1810"]
[PlyCount "123"]
[EventDate "2005.??.??"]
[EventType "team-match"]
[EventCountry "FRA"]

1. e4 e6 2. d4 d5 3. exd5 exd5 4. Bd3 Nf6 5. Bg5 Be7 6. Nf3 h6 7. Bh4 Bg4 8.
Nbd2 Qc8 9. O-O O-O 10. c3 Bf5 11. Qc2 Bxd3 12. Qxd3 Nbd7 13. Rae1 Bd6 14. Re2
c6 15. Bg3 Qc7 16. Bxd6 Qxd6 17. Rfe1 Rfe8 18. Ne5 Nf8 19. Nf1 Ne6 20. Qd2 Ne4
21. Qc1 Nf6 22. Ng3 Nd7 23. Qd1 Nxe5 24. Rxe5 Qf8 25. Qg4 Rad8 26. Nh5 Kh8 27.
Kf1 Re7 28. Nf4 Rde8 29. Nxe6 Rxe6 30. Rxe6 Rxe6 31. Rxe6 fxe6 32. Qxe6 Qb8 33.
Qe5 Qc8 34. h3 Qd7 35. f4 Qf7 36. g4 Kh7 37. h4 g6 38. Kf2 Qd7 39. f5 gxf5 40.
gxf5 Qf7 41. Qe6 Qxe6 42. fxe6 Kg6 43. Kf3 Kf6 44. Kg4 Kxe6 45. Kh5 a5 46. Kxh6
Kf6 47. b3 b6 48. Kh5 Kf5 49. b4 axb4 50. cxb4 Ke4 51. Kg6 Kxd4 52. h5 Ke3 53.
h6 d4 54. h7 d3 55. h8=Q d2 56. Qe5+ Kf2 57. Qd4+ Ke2 58. Qe4+ Kf1 59. Qd3+ Ke1
60. Qe3+ Kd1 61. Kf5 Kc2 62. Qb3+ 1-0

[Event "FRA T.IV"]
[Site "Toulouse"]
[Date "2005.04.04"]
[Round "?"]
[White "Catala, Laurent"]
[Black "Serres, Olivier"]
[Result "1-0"]
[WhiteElo "1840"]
[BlackElo "1780"]
[PlyCount "55"]
[EventDate "2005.??.??"]
[EventType "team-match"]
[EventCountry "FRA"]

1. e4 d6 2. d4 Nf6 3. Nc3 g6 4. f4 Bg7 5. Nf3 c6 6. Be3 b5 7. a3 Qa5 8. Be2 Qb6
9. e5 dxe5 10. fxe5 Nd5 11. Nxd5 cxd5 12. Bd3 O-O 13. Qd2 Bg4 14. c3 a6 15. h3
Bxf3 16. gxf3 e6 17. h4 Nc6 18. h5 Ne7 19. Qh2 Nf5 20. hxg6 fxg6 21. Qxh7+ Kf7
22. Rg1 Ra7 23. Rxg6 Ke8 24. Bxf5 Bxe5 25. Qh5 Kd8 26. Rxe6 Qc7 27. Rxe5 Qg7
28. O-O-O 1-0

[Event "FRA T.IV"]
[Site "Toulouse"]
[Date "2005.03.15"]
[Round "?"]
[White "Chassy, Philippe"]
[Black "Lanllier, Bruno"]
[Result "1-0"]
[WhiteElo "2182"]
[BlackElo "2060"]
[PlyCount "123"]
[EventDate "2005.??.??"]
[EventType "team-match"]
[EventCountry "FRA"]

1. Nf3 Nf6 2. c4 g6 3. Nc3 Bg7 4. e4 d6 5. d4 O-O 6. Be2 e5 7. O-O Nc6 8. d5
Ne7 9. Ne1 Nd7 10. Be3 f5 11. f3 f4 12. Bf2 g5 13. Rc1 Nf6 14. c5 Ng6 15. a4 a5
16. cxd6 cxd6 17. Kh1 h5 18. Qb3 Rf7 19. Qb6 Qxb6 20. Bxb6 g4 21. Nb5 Ne8 22.
Na7 Bd7 23. Bb5 Bf6 24. Nc2 Bd8 25. Bxd8 Rxd8 26. Na3 Ra8 27. Bxd7 Rxd7 28.
N7b5 Kf7 29. Rc3 Nh4 30. Nc4 Ra6 31. Kg1 Ke7 32. Kf2 Kd8 33. Rfc1 gxf3 34. gxf3
Rg7 35. Rg1 Rxg1 36. Kxg1 Kd7 37. Kf2 Ke7 38. Rc1 Kf6 39. Rg1 Ng6 40. Ke2 Ne7
41. Kd3 Ng6 42. Nd2 Ra8 43. Na3 Nc7 44. Nac4 Na6 45. Nb6 Nc5+ 46. Kc4 Ra6 47.
Kb5 Nd3 48. Ndc4 Nh4 49. Rf1 Ng2 50. Rd1 Nde1 51. Nxd6 Nxf3 52. Nxb7 Ra7 53.
Kc6 Nd4+ 54. Kc7 Ne3 55. Nd7+ Ke7 56. d6+ Ke8 57. Nf6+ Kf7 58. Rxd4 exd4 59. d7
Ra8 60. Nd6+ Kxf6 61. Nc8 Nd5+ 62. exd5 1-0

[Event "FRA T.IV"]
[Site "Toulouse"]
[Date "2005.02.06"]
[Round "?"]
[White "Condeminas, Christian"]
[Black "Decosse, Jean Fabien"]
[Result "0-1"]
[WhiteElo "1750"]
[BlackElo "2209"]
[PlyCount "58"]
[EventDate "2005.??.??"]
[EventType "team-match"]
[EventCountry "FRA"]

1. e4 c6 2. d4 g6 3. Nc3 d6 4. Bg5 Bg7 5. Qd2 Qb6 6. Nf3 Qxb2 7. Rb1 Qa3 8. Bd3
Qa5 9. O-O Qc7 10. h3 Nd7 11. Rfe1 h6 12. Bh4 e5 13. dxe5 dxe5 14. Bc4 Ngf6 15.
Bg3 O-O 16. Qe3 Nh5 17. Bh2 Nf4 18. Ne2 g5 19. Bg3 b5 20. Bb3 Qb6 21. Qc1 Nc5
22. Nc3 Be6 23. h4 Bf6 24. hxg5 hxg5 25. Bh2 Kg7 26. g3 Nh3+ 27. Kg2 Nxb3 28.
Qe3 Qxe3 29. Rxe3 Nd4 0-1

[Event "FRA T.IV"]
[Site "Toulouse"]
[Date "2005.03.15"]
[Round "?"]
[White "Condeminas, Christian"]
[Black "Jacob, Claude"]
[Result "1-0"]
[WhiteElo "1750"]
[BlackElo "1660"]
[PlyCount "61"]
[EventDate "2005.??.??"]
[EventType "team-match"]
[EventCountry "FRA"]

1. e4 e5 2. Nf3 Nc6 3. d4 exd4 4. Bc4 Nf6 5. O-O d6 6. h3 Be7 7. Ng5 O-O 8. Re1
h6 9. Nf3 Re8 10. Nxd4 Nxd4 11. Qxd4 Nd7 12. Nc3 Ne5 13. Bb3 Bxh3 14. Re3 Be6
15. f4 Nc6 16. Qd1 Bxb3 17. axb3 Bf6 18. Ne2 Qd7 19. c3 Be7 20. Ng3 Rad8 21.
Qh5 Qe6 22. Nf5 Qg6 23. Qh3 Bf6 24. Rg3 Qh7 25. Qxh6 Rxe4 26. Qxf6 g6 27. Be3
Rde8 28. Rh3 gxf5 29. Rxh7 Kxh7 30. Qxf7+ Kh8 31. Kf2 1-0

[Event "FRA T.IV"]
[Site "Toulouse"]
[Date "2005.03.15"]
[Round "?"]
[White "Daval, Christophe"]
[Black "Lecoultre, Patrick"]
[Result "0-1"]
[WhiteElo "1700"]
[BlackElo "1753"]
[PlyCount "56"]
[EventDate "2005.??.??"]
[EventType "team-match"]
[EventCountry "FRA"]

1. e4 c5 2. Nc3 g6 3. f4 Bg7 4. Nf3 Nc6 5. Bc4 e6 6. O-O Nge7 7. d3 d5 8. exd5
exd5 9. Bb5 O-O 10. Be3 d4 11. Bd2 dxc3 12. bxc3 a6 13. Bxc6 Nxc6 14. Qe1 Re8
15. Qf2 b6 16. Nh4 Nd4 17. Be3 Nxc2 18. Qxc2 Rxe3 19. Nf3 Qxd3 20. Qb3 Qd6 21.
Ng5 Be6 22. Nxe6 Qxe6 23. Qxe6 Rxe6 24. f5 Rd6 25. Rf3 Rad8 26. Raf1 Rd1 27.
fxg6 Rxf1+ 28. Kxf1 hxg6 0-1

[Event "FRA T.IV"]
[Site "Toulouse"]
[Date "2005.02.06"]
[Round "?"]
[White "David, Philippe"]
[Black "Tromp, Hendrik Jan"]
[Result "0-1"]
[WhiteElo "1410"]
[BlackElo "1980"]
[PlyCount "54"]
[EventDate "2005.??.??"]
[EventType "team-match"]
[EventCountry "FRA"]

1. e4 e5 2. Nf3 Nf6 3. Nc3 Bb4 4. Nd5 Nxd5 5. exd5 O-O 6. Bc4 d6 7. O-O Bg4 8.
h3 Bh5 9. Be2 f5 10. c3 Ba5 11. d4 Bxf3 12. Bxf3 Nd7 13. dxe5 Nxe5 14. Re1 Bb6
15. Bf4 Qh4 16. Bg3 Qxg3 17. Re3 Bxe3 18. Qe2 Nxf3+ 19. Qxf3 Qxf3 20. gxf3 Bf4
21. Rd1 Rae8 22. Rd4 Re1+ 23. Kg2 Be5 24. Rc4 Rf7 25. f4 Re4 26. Rxe4 fxe4 27.
fxe5 dxe5 0-1

[Event "FRA T.IV"]
[Site "Toulouse"]
[Date "2005.03.13"]
[Round "?"]
[White "De Baralle, Michel"]
[Black "Martinez, Jacques"]
[Result "1-0"]
[WhiteElo "1540"]
[BlackElo "1620"]
[PlyCount "49"]
[EventDate "2005.??.??"]
[EventType "team-match"]
[EventCountry "FRA"]

1. d4 Nf6 2. c4 e6 3. Nc3 d5 4. e3 c5 5. Nf3 cxd4 6. Nxd4 Nc6 7. Be2 Bb4 8. a3
Bxc3+ 9. bxc3 Ne4 10. Qc2 O-O 11. O-O dxc4 12. Qxe4 Bd7 13. Bxc4 Ne7 14. Nf3
Bc6 15. Qg4 Ng6 16. Bb2 b5 17. Bb3 Qc7 18. Rad1 a5 19. Bc2 b4 20. Bxg6 hxg6 21.
Ng5 Rfe8 22. Qh4 f6 23. Qh7+ Kf8 24. Qh8+ Ke7 25. Qxg7# 1-0

[Event "FRA T.IV"]
[Site "Toulouse"]
[Date "2005.01.09"]
[Round "?"]
[White "De Biasi, Robert"]
[Black "Bottu, Eric"]
[Result "0-1"]
[WhiteElo "1908"]
[BlackElo "1970"]
[PlyCount "90"]
[EventDate "2005.??.??"]
[EventType "team-match"]
[EventCountry "FRA"]

1. e4 c5 2. Nf3 d6 3. d4 cxd4 4. Nxd4 Nf6 5. Nc3 e6 6. Bc4 Be7 7. Bg5 O-O 8.
Bb3 a6 9. Qd3 Qc7 10. a3 Nc6 11. Nxc6 bxc6 12. O-O d5 13. Qf3 d4 14. Ne2 c5 15.
Bf4 e5 16. Bg5 c4 17. Ba2 Bg4 18. Qg3 Bxe2 19. Rfe1 Nxe4 20. Qh4 Nxg5 21. Kh1
Nf3 22. Qe4 Nxe1 23. Qxe2 Nxg2 24. Kxg2 Qc6+ 25. f3 c3 26. b4 Qh6 27. Rd1 Bd6
28. Kh1 Kh8 29. Bd5 Ra7 30. Qg2 f5 31. Rg1 Rf6 32. Qf2 Rg6 33. Rd1 Qf4 34. Qe2
Rh6 35. Rg1 e4 36. Rg2 Re7 37. fxe4 fxe4 38. Rf2 Rxh2+ 39. Rxh2 Qc1+ 40. Kg2
Bxh2 41. Kxh2 Qf4+ 42. Kh1 Re5 43. Bb7 Qh4+ 44. Qh2 Qe1+ 45. Qg1 Rh5+ 0-1

[Event "FRA T.IV"]
[Site "Toulouse"]
[Date "2005.02.06"]
[Round "?"]
[White "De Biasi, Robert"]
[Black "Vainguer, Guillaume"]
[Result "1/2-1/2"]
[WhiteElo "1908"]
[BlackElo "1760"]
[PlyCount "109"]
[EventDate "2005.??.??"]
[EventType "team-match"]
[EventCountry "FRA"]

1. e4 e5 2. Nf3 d6 3. Bc4 Bg4 4. c3 Qf6 5. d3 Bxf3 6. Qxf3 Qxf3 7. gxf3 Ne7 8.
Be3 Nbc6 9. a3 f5 10. f4 h6 11. exf5 Nxf5 12. Nd2 Be7 13. O-O-O g5 14. fxe5
Nxe5 15. Rhg1 c6 16. d4 Nxc4 17. Nxc4 b5 18. Na5 Nxe3 19. fxe3 Kd7 20. d5 c5
21. Rgf1 Rhf8 22. e4 Rxf1 23. Rxf1 Rf8 24. Rf5 g4 25. Kd1 Rxf5 26. exf5 Bg5 27.
Ke2 Bf4 28. Kf2 Bxh2 29. Kg2 Bf4 30. Nc6 a6 31. Nb8+ Ke7 32. Nxa6 Bc1 33. Nc7
b4 34. axb4 cxb4 35. cxb4 Bxb2 36. b5 Bd4 37. Na6 Kf6 38. Nb8 Kxf5 39. Nd7 Ke4
40. b6 Kxd5 41. b7 Ba7 42. b8=Q Bxb8 43. Nxb8 h5 44. Kg3 Ke4 45. Nd7 Kf5 46.
Nb6 Kg5 47. Nd5 h4+ 48. Kh2 Kf5 49. Kg2 g3 50. Kf3 g2 51. Ne3+ Kg5 52. Kxg2 Kf4
53. Nd5+ Kg5 54. Kh2 h3 55. Nc7 1/2-1/2